Die Top 30 Automarken in Deutschland 2020 - Statistiken

Allgemein
  • Dieses Quiz wurde 9.095 mal gespielt
  • Das Durchschnittsergebnis liegt bei 17 aus 30
Antwortstatistiken
Neuzulassungen Automarke % Korrekt
525.612 Volkswagen
98%
240.968 BMW
97%
303.185 Mercedes-Benz
97%
213.934 Audi
94%
26.319 Porsche
86%
146.219 Opel
80%
194.250 Ford
77%
77.176 Toyota
70%
181.198 Škoda
69%
105.051 Hyundai
65%
125.318 Renault
64%
114.564 SEAT
63%
89.150 Fiat
61%
11.696 Honda
59%
16.694 Tesla
56%
48.950 Citroën
54%
55.401 Peugeot
52%
34.765 Nissan
49%
64.296 Kia
47%
47.194 Volvo
47%
44.152 MINI
45%
50.704 Dacia
43%
44.364 Mazda
42%
44.985 Mitsubishi
41%
16.051 smart
41%
22.415 Suzuki
36%
6.993 Jaguar
27%
15.687 Jeep
27%
12.984 Land Rover
26%
5.407 Subaru
26%
Keine übereinstimmenden Quizze gefunden
Verteilung der Resultate
Anzahl Personen mit jedem Resultat
Perzentil nach korrekt beantworteten Fragen
Ihre Resultats-Entwicklung
Sie haben dieses Quiz noch nicht gespielt